[Event "Let's Play Chess!"]
[Site "http://www.queenalice.com/game.php?id=731472"]
[Date "2010.2.13"]
[Round "-"]
[White "brazuka"]
[Black "Panzer85"]
[Result "0-1"]
[WhiteElo "1581"]
[BlackElo "1699"]

1. e4 e5 2. Nf3 Nc6 3. d3 Be7 4. Be2 d6 5. Be3 h6 6. c3 Nf6 7. d4 Nxe4 8. O-O
O-O 9. Qd3 f5 10. dxe5 Nxe5 11. Qd5+ Kh8 12. Nxe5 dxe5 13. Qxe5 Bf6 14. Qa5 b6
15. Qa3 Re8 16. Qb3 Nxf2 17. Kxf2 Qe7 18. c4 f4 19. Bxf4 Qxe2+ 20. Kg1 Bb7 21.
Nc3 Qxg2# 0-1

[Event "AUTO-INT-1611"]
[Site "http://www.queenalice.com/game.php?id=731616"]
[Date "2010.2.14"]
[Round "1"]
[White "kanibal"]
[Black "brazuka"]
[Result "1/2-1/2"]
[WhiteElo "1566"]
[BlackElo "1610"]

1. d4 d5 2. Nf3 g6 3. e3 Bg7 4. Bd3 Nc6 5. O-O Nf6 6. Bb5 O-O 7. Bxc6 bxc6 8. c3
Rb8 9. Nbd2 Qd6 10. b3 Ba6 11. c4 dxc4 12. bxc4 c5 13. d5 Nh5 14. Rb1 Rxb1 15.
Nxb1 Bxc4 16. Re1 Bxa2 17. Na3 Bxd5 18. Nh4 Be5 19. g3 Qc6 20. g4 Ng7 21. Qd3
Be4 22. Qe2 Bh1 23. f3 Bxf3 24. Nxf3 f6 25. e4 Ne8 26. Bh6 Rf7 27. g5 f5 28.
Nxe5 Qe6 29. Nxf7 Qxf7 30. exf5 gxf5 31. Qxe7 Qxe7 32. Rxe7 Nd6 33. Rxc7 a5 34.
Rxc5 a4 35. Ra5 f4 36. Rxa4 Kf7 37. Rxf4+ Ke6 38. h3 Nf5 39. Kg2 Nxh6 40. gxh6
Ke5 41. Rf7 Kd4 42. Rxh7 Kc3 43. Nb5+ Kb4 44. Nd6 Kc5 45. Nb7+ Kd5 46. Rg7 Ke6
47. h7 Kd5 48. h8=Q Kc6 49. Qh6+ Kb5 50. Rg4 1/2-1/2

[Event "AUTO-INT-1611"]
[Site "http://www.queenalice.com/game.php?id=731617"]
[Date "2010.2.14"]
[Round "1"]
[White "brazuka"]
[Black "kanibal"]
[Result "1-0"]
[WhiteElo "1577"]
[BlackElo "1589"]

1. Nf3 d5 2. d4 Nc6 3. Nc3 Bg4 4. Ne5 Nxe5 5. dxe5 c6 6. f3 Bf5 7. e4 dxe4 8.
fxe4 Be6 9. Qf3 Nh6 10. h3 f6 11. exf6 exf6 12. Bd2 Bb4 13. O-O-O O-O 14. Bxh6
gxh6 15. Rxd8 Raxd8 16. Be2 Bd6 17. e5 Bxe5 18. Qh5 Rf7 19. Qxh6 Rg7 20. g4 Bxc3
21. bxc3 Bxa2 22. c4 b5 23. cxb5 cxb5 24. Qxf6 Rf8 25. Qa6 Bc4 26. Bxc4+ bxc4
27. Qxc4+ Kh8 28. h4 h6 29. g5 Rh7 30. g6 Rg7 31. h5 Re7 32. Qc3+ Kg8 33. Rd1
Rf5 34. Rd8+ Rf8 35. Rxf8+ Kxf8 36. Qh8# 1-0

[Event "AUTO-INT-1611"]
[Site "http://www.queenalice.com/game.php?id=731632"]
[Date "2010.2.14"]
[Round "1"]
[White "william_1987br"]
[Black "brazuka"]
[Result "0-1"]
[WhiteElo "1612"]
[BlackElo "1593"]

1. e4 e5 2. Nf3 Nc6 3. Bc4 Nf6 4. d3 a6 5. O-O b5 6. Bd5 Bd6 7. Ng5 O-O 8. Bxc6
dxc6 9. Nd2 h6 10. Ngf3 c5 11. d4 cxd4 12. Nb3 c6 13. Bd2 Nxe4 14. Qe2 Nf6 15.
c3 dxc3 16. bxc3 c5 17. c4 bxc4 18. Qxc4 Be6 19. Qd3 c4 20. Qe2 cxb3 21. axb3
Bxb3 22. Rxa6 Rxa6 23. Qxa6 e4 24. Nd4 Bd5 25. Ba5 Qb8 26. f3 Bc5 27. g3 Bxd4+
28. Kg2 exf3+ 29. Kh3 Qe5 30. Qd3 Qh5# 0-1

[Event "AUTO-INT-1611"]
[Site "http://www.queenalice.com/game.php?id=731633"]
[Date "2010.2.14"]
[Round "1"]
[White "brazuka"]
[Black "william_1987br"]
[Result "1-0"]
[WhiteElo "1559"]
[BlackElo "1606"]

1. e4 e5 2. Nf3 Nc6 3. b3 Bc5 4. Bb2 Nf6 5. Nc3 O-O 6. Qe2 d6 7. h3 Nd4 8. Qd3
c6 9. g4 b5 10. Ne2 d5 11. exd5 Qxd5 12. Bg2 e4 13. Qxd4 Bxd4 14. Nfxd4 Ba6 15.
O-O-O c5 16. Nf5 b4 17. Nf4 Qd7 18. d4 Rac8 19. dxc5 Rxc5 20. Rxd7 Nxd7 21. Nxg7
Ne5 22. Nf5 Ng6 23. Nxg6 fxg6 24. Nh6# 1-0

[Event "AUTO-INT-1611"]
[Site "http://www.queenalice.com/game.php?id=731644"]
[Date "2010.2.14"]
[Round "1"]
[White "brazuka"]
[Black "EdsonEstevam"]
[Result "0-1"]
[WhiteElo "1608"]
[BlackElo "1782"]

1. b3 e5 2. Bb2 Nc6 3. e4 Bb4 4. c3 Ba5 5. b4 Bb6 6. Nf3 d5 7. b5 Na5 8. Nxe5
Qf6 9. d4 Ne7 10. exd5 Nxd5 11. Qe2 O-O 12. Qe4 c6 13. Bd3 g6 14. Ng4 Qd6 15.
bxc6 Bxg4 16. Qxg4 Nxc6 17. O-O Nf4 18. Be4 Bc7 19. g3 Nh5 20. d5 Ne5 21. Qg5 f5
22. Bg2 f4 23. g4 Bd8 24. Qh6 Nf7 25. Qxf8+ Kxf8 26. gxh5 Bc7 27. Nd2 f3 28.
Nxf3 Ng5 29. Ne5 Qxe5 30. f4 Qe3+ 31. Kh1 Bxf4 32. Rae1 Qd2 33. Ba3+ Kf7 34.
Re7+ Kf6 35. Rxf4+ Qxf4 36. h3 Rd8 37. h6 Rxd5 38. Bxd5 Qf1+ 39. Kh2 Qxh3+ 40.
Kg1 Qxh6 41. Re1 Nh3+ 42. Kf1 Qd2 43. Be7+ Kg7 44. Bh4 Qxd5 45. Re7+ Kf8 46.
Rxh7 Qf5+ 47. Ke1 g5 48. Rh5 Qg4 49. Rh8+ Kg7 50. Rb8 Qxh4+ 51. Kd1 b6 52. Rb7+
Kg6 53. Rxa7 Qf2 54. a3 Nf4 55. Re7 g4 56. Rd7 g3 57. Rd2 Qxd2+ 58. Kxd2 g2 59.
Ke3 Nh3 60. c4 g1=Q+ 61. Ke4 Qc5 62. Kf3 Qxc4 63. Kg2 Qf4 64. Kxh3 Kg5 65. Kg2
Kg4 66. Kg1 Kg3 67. Kh1 Qf1# 0-1

[Event "AUTO-INT-1611"]
[Site "http://www.queenalice.com/game.php?id=731645"]
[Date "2010.2.14"]
[Round "1"]
[White "EdsonEstevam"]
[Black "brazuka"]
[Result "1-0"]
[WhiteElo "1706"]
[BlackElo "1570"]

1. e4 e5 2. Bb5 c6 3. Ba4 b5 4. Bb3 Nf6 5. d3 a5 6. a3 Be7 7. Nf3 d6 8. Bg5 a4
9. Ba2 Bg4 10. h3 Bd7 11. Nc3 h6 12. Bxf6 Bxf6 13. Nd2 Bc8 14. O-O Nd7 15. Ne2
O-O 16. Ng3 Be7 17. Nh5 Nf6 18. Qf3 g6 19. Nf4 exf4 20. Qxf4 Kg7 21. Nf3 Nh5 22.
Qe3 c5 23. Rad1 f6 24. g4 Bxg4 25. hxg4 Qd7 26. Nh2 Kh7 27. gxh5 gxh5 28. Kh1
Qc6 29. Rg1 h4 30. Ng4 Kg7 31. Qxh6# 1-0

[Event "Challenge"]
[Site "http://www.queenalice.com/game.php?id=747023"]
[Date "2010.3.16"]
[Round "-"]
[White "thomas01"]
[Black "brazuka"]
[Result "0-1"]
[WhiteElo "1256"]
[BlackElo "1599"]

1. e4 e5 2. Nf3 Nc6 3. d4 exd4 4. Nxd4 Qe7 5. Nc3 Nf6 6. f3 d6 7. Bb5 a6 8. Nxc6
bxc6 9. Nd5 Nxd5 10. Qxd5 Bd7 11. Bxc6 Rd8 12. Bf4 Bxc6 13. Qxc6+ Qd7 14. Qxa6
Be7 15. O-O-O O-O 16. h4 Ra8 17. Qc4 g6 0-1

[Event "UltimateFighting"]
[Site "http://www.queenalice.com/game.php?id=748422"]
[Date "2010.3.19"]
[Round "1"]
[White "Kobayashmiuk"]
[Black "brazuka"]
[Result "1-0"]
[WhiteElo "1054"]
[BlackElo "1610"]

1. e4 e5 2. Nf3 Nc6 3. d4 exd4 4. Nxd4 Qe7 5. Nc3 Nf6 6. Bg5 h6 7. Ncb5 d6 8.
Bxf6 gxf6 9. f3 a6 10. Nc3 f5 11. Nd5 Qd8 12. Nxf5 Bxf5 13. exf5 f6 14. Qe2+ Ne7
15. Nxf6+ Kf7 16. Qe6+ Kg7 17. Nh5+ Kh7 18. Qf7+ Bg7 19. Qxg7# 1-0

[Event "UltimateFighting"]
[Site "http://www.queenalice.com/game.php?id=776026"]
[Date "2010.5.15"]
[Round "2"]
[White "brazuka"]
[Black "schmooster"]
[Result "0-1"]
[WhiteElo "1586"]
[BlackElo "1478"]

1. e4 c6 2. Nc3 d5 3. exd5 cxd5 4. d4 Nf6 5. Bg5 Qa5 6. Nf3 Ne4 7. Bd2 Nxd2 8.
Qxd2 Bf5 9. Bd3 e6 10. Nh4 Bxd3 11. Qxd3 Bb4 12. O-O Bxc3 13. bxc3 Nd7 14. Nf3
O-O 15. a4 Rac8 16. Ng5 f5 17. Nxe6 Rxc3 18. Qd2 Rf6 19. Rfe1 Nb6 20. Qg5 Rg6
21. Qd8+ Kf7 22. Qg8+ Kxg8 23. Nd8 h5 24. Re8+ Kh7 25. Nf7 Rf6 26. Ng5+ Kg6 27.
h4 Rxc2 28. Re3 Nc4 29. Rg3 f4 30. Rf3 Nd2 31. Raa3 Nxf3+ 32. Nxf3 Rc1+ 33. Kh2
b5 34. Ne5+ Kf5 35. f3 Rf1 36. g4+ hxg4 37. fxg4+ Ke4 38. Nf3 Rxf3 39. Ra2 Qe1
40. g5 Qg3+ 41. Kh1 Rf1# 0-1

[Event "Challenge"]
[Site "http://www.queenalice.com/game.php?id=818587"]
[Date "2010.8.15"]
[Round "-"]
[White "schmooster"]
[Black "brazuka"]
[Result "1-0"]
[WhiteElo "1544"]
[BlackElo "1561"]

1. c4 e6 2. Nc3 Bc5 3. e3 Qf6 4. Nge2 Nc6 5. Nf4 e5 6. Nfd5 Qd8 7. Nb5 Rb8 8.
Ndxc7+ Kf8 9. d4 exd4 10. Qh5 Nf6 11. Qxc5+ Kg8 12. exd4 Ne4 13. Qd5 Nf6 14. Bg5
h6 15. Bxf6 gxf6 16. Bd3 d6 17. Bg6 Qe7+ 18. Kd2 Be6 19. Qxd6 Qxd6 20. Nxd6 fxg6
21. Nxe6 Rh7 22. Rhe1 Re7 23. Nf4 g5 24. Rxe7 Nxe7 25. Re1 Kf8 26. Nd5 1-0

[Event "AUTO-OPEN-2254"]
[Site "http://www.queenalice.com/game.php?id=896150"]
[Date "2011.2.5"]
[Round "1"]
[White "nemeth"]
[Black "brazuka"]
[Result "0-1"]
[WhiteElo "1953"]
[BlackElo "1568"]

1. e4 e5 2. Nc3 Bc5 3. Bc4 Qf6 4. Nf3 Qb6 5. Qe2 Nf6 6. Nxe5 O-O 7. O-O Bd4 8.
Nf3 c5 9. Nxd4 cxd4 10. Nd5 Nxd5 11. Bxd5 Qg6 12. d3 d6 13. f4 h6 14. f5 Qf6 0-1

[Event "AUTO-OPEN-2254"]
[Site "http://www.queenalice.com/game.php?id=896151"]
[Date "2011.2.5"]
[Round "1"]
[White "brazuka"]
[Black "nemeth"]
[Result "1-0"]
[WhiteElo "1538"]
[BlackElo "1983"]

1. e4 c5 2. d3 e5 3. Nf3 Nc6 4. Be2 d6 5. Nc3 f5 6. exf5 Bxf5 7. Ng5 Be7 8. Bh5+
g6 9. g4 Bxg5 10. Bxg6+ hxg6 11. gxf5 gxf5 12. Nd5 Bxc1 13. Qxc1 Nf6 14. Nc3 Nd4
15. h3 1-0

[Event "AUTO-OPEN-2254"]
[Site "http://www.queenalice.com/game.php?id=896174"]
[Date "2011.2.5"]
[Round "1"]
[White "filatelista"]
[Black "brazuka"]
[Result "1-0"]
[WhiteElo "2148"]
[BlackElo "1542"]

1. d4 d5 2. c4 dxc4 3. Nc3 Nf6 4. e4 e5 5. d5 Bc5 6. h3 Bd7 7. Bxc4 c6 8. Nf3
Qe7 9. O-O cxd5 10. Nxd5 Qd6 11. Bg5 Nxd5 12. Bxd5 Qb6 13. Nxe5 O-O 14. b4 Bxb4
15. Rb1 1-0

[Event "AUTO-OPEN-2254"]
[Site "http://www.queenalice.com/game.php?id=896175"]
[Date "2011.2.5"]
[Round "1"]
[White "brazuka"]
[Black "filatelista"]
[Result "0-1"]
[WhiteElo "1540"]
[BlackElo "2149"]

1. e4 e5 2. Nf3 d6 3. Nc3 c6 4. d4 exd4 5. Nxd4 h6 6. Bd3 Nf6 7. Qe2 Be7 8. Be3
O-O 9. O-O c5 10. Nf3 Nc6 11. a3 a6 12. Nd5 Bg4 13. h3 Bh5 14. Qd2 Bxf3 15. gxf3
Ne5 0-1

[Event "AUTO-OPEN-2254"]
[Site "http://www.queenalice.com/game.php?id=896188"]
[Date "2011.2.5"]
[Round "1"]
[White "cme"]
[Black "brazuka"]
[Result "1-0"]
[WhiteElo "1989"]
[BlackElo "1544"]

1. e4 e5 2. Nf3 Qe7 3. Bc4 Nh6 4. d3 Nc6 5. Nc3 d6 6. Nd5 Qd7 7. Bxh6 gxh6 8.
Nh4 Qd8 9. Qh5 Bg7 10. Nf5 O-O 11. Nxh6+ Kh8 12. Nxf7+ Rxf7 13. Qxf7 Qf8 14.
Nxc7 Qxf7 15. Bxf7 Rb8 16. O-O-O b5 17. Bd5 Nb4 18. a3 Bh6+ 19. Kb1 Na6 20. Nxa6
Rb6 21. Nc7 a5 22. g4 Bxg4 23. Rdg1 Rb8 24. Rxg4 Rc8 25. Rhg1 Rxc7 26. Rg8# 1-0

[Event "AUTO-OPEN-2254"]
[Site "http://www.queenalice.com/game.php?id=896189"]
[Date "2011.2.5"]
[Round "1"]
[White "brazuka"]
[Black "cme"]
[Result "0-1"]
[WhiteElo "1598"]
[BlackElo "2019"]

1. Nf3 Nc6 2. e4 e5 3. d3 Bc5 4. Be2 d6 5. Nc3 Be6 6. Nd5 Nf6 7. Ne3 Qd7 8. O-O
O-O-O 9. a3 Ng4 10. Nxg4 Bxg4 11. b4 Bb6 12. b5 Ne7 13. a4 Bxf3 14. Bxf3 Ng6 15.
Bg4 Bd4 16. Bxd7+ Rxd7 17. a5 Bxa1 18. Ba3 Bd4 19. a6 b6 20. Qd2 Nf4 21. c3 Bc5
22. Bb2 h5 23. d4 exd4 24. cxd4 Bxd4 25. Bxd4 Ne6 26. Bb2 h4 27. h3 f6 28. Qd5
Rdd8 29. Qxe6+ Rd7 30. Qg4 Kd8 31. Re1 Re7 32. f3 Rh7 0-1